000 00853nam a2200241Ia 4500
003 OSt
005 20220923214009.0
006 a|||||r|||| 00| 0
007 ta
008 220922b |||||||| |||| 00| 0 hin d
024 _a166,299
037 _cTextual
040 _aARTS
_cARTS
_bhin
041 _2hin
_ahin
082 _aO152,1J32:g, J2
100 _aशुक्ल, रामबहोरी
245 0 _aतुलसी
_bमहाकवि तुलसीदास के कृतित्व और महत्व का परिचय
246 _aTulasī:hinākavi tulasīdās ke kṛutitva aur hinatva kā parichaya
260 _c1952
650 _aहिन्दी साहित्य
_9156264
942 _hO152,1J32:g, J2
_cTEXL
_2CC
999 _c320778
_d320778